000 00344nam a2200133Ia 4500
008 240624s9999 xx 000 0 und d
041 _aeng
082 _a330.954 PAN
100 _aPANAGARIYA ARVIND
245 _aINDIA THE EMERGING GIANT
260 _c2008
_aNew Delhi
_bOxford University Press
300 _axxx, 514 23 cm.
365 _cRS
_b31
999 _c29695
_d29695